[Event "Greek Team Championship"]
[Site "chess24.com"]
[Date "2017.07.05"]
[Round "4"]
[White "Kokolakis, Panagiotis"]
[Black "Kanteraki, Maria-Myrto"]
[Result "1-0"]
[Board "10"]
[WhiteElo "1351"]
[WhiteCountry "GRE"]
[WhiteFideId "4291115"]
[WhiteEloChange "11"]
[BlackElo "1375"]
[BlackCountry "GRE"]
[BlackFideId "25818023"]
[BlackEloChange "-11"]

1. e4 {[%clk 1:30:56]} c5 {[%clk 1:30:56]} 2. Nf3 {[%clk 1:31:21]} e6 {[%clk
1:31:21]} 3. d4 {[%clk 1:31:46]} cxd4 {[%clk 1:31:46]} 4. Nxd4 {[%clk 1:32:15]}
Qb6 {[%clk 1:32:09]} 5. Nb3 {[%clk 1:32:22]} Nc6 {[%clk 1:32:32]} 6. Be3 {[%clk
1:32:02]} Qc7 {[%clk 1:32:35]} 7. Nc3 {[%clk 1:32:28]} Nf6 {[%clk 1:32:52]} 8.
Bd3 {[%clk 1:32:13]} Bb4 {[%clk 1:32:50]} 9. O-O {[%clk 1:31:52]} Bxc3 {[%clk
1:33:06]} 10. bxc3 {[%clk 1:32:15]} Ne5 {[%clk 1:32:59]} 11. f4 {[%clk 1:32:15]}
Nxd3 {[%clk 1:30:20]} 12. cxd3 {[%clk 1:30:55]} d6 {[%clk 1:28:48]} 13. c4 {[%clk
1:22:58]} O-O {[%clk 1:27:44]} 14. Qf3 {[%clk 1:17:57]} Ne8 {[%clk 1:21:15]} 15.
c5 {[%clk 1:11:10]} b6 {[%clk 1:16:11]} 16. cxd6 {[%clk 1:10:15]} Nxd6 {[%clk
1:15:33]} 17. e5 {[%clk 1:10:42]} Nb7 {[%clk 1:14:18]} 18. Rac1 {[%clk 1:09:15]}
Qe7 {[%clk 1:13:16]} 19. Rc2 {[%clk 1:04:05]} f6 {[%clk 1:10:54]} 20. exf6 {[%clk
0:45:43]} Qxf6 {[%clk 1:04:26]} 21. Bd4 {[%clk 0:45:58]} Qd8 {[%clk 1:03:54]} 22.
Rfc1 {[%clk 0:44:51]} Rf7 {[%clk 0:56:49]} 23. Be5 {[%clk 0:41:52]} Rd7 {[%clk
0:53:09]} 24. Rc7 {[%clk 0:40:24]} g6 {[%clk 0:47:41]} 25. Rxd7 {[%clk 0:34:17]}
Qxd7 {[%clk 0:45:13]} 26. Rc7 {[%clk 0:34:40]} Qa4 {[%clk 0:44:33]} 27. Rxb7
{[%clk 0:32:57]} 1-0

[Event "Greek Team Championship"]
[Site "chess24.com"]
[Date "2017.07.05"]
[Round "4"]
[White "Zysk, Robert"]
[Black "Balogh, Csaba"]
[Result "1/2-1/2"]
[Board "1"]
[WhiteElo "2405"]
[WhiteTitle "IM"]
[WhiteCountry "GER"]
[WhiteFideId "4600410"]
[WhiteEloChange "3"]
[BlackElo "2641"]
[BlackTitle "GM"]
[BlackCountry "HUN"]
[BlackFideId "718939"]
[BlackEloChange "-3"]

1. Nf3 {[%clk 1:29:05]} d5 {[%clk 1:30:39]} 2. d4 {[%clk 1:28:54]} Nf6 {[%clk
1:30:25]} 3. c4 {[%clk 1:28:56]} c6 {[%clk 1:28:52]} 4. e3 {[%clk 1:28:04]} Bg4
{[%clk 1:28:06]} 5. h3 {[%clk 1:24:35]} Bh5 {[%clk 1:28:05]} 6. cxd5 {[%clk
1:13:58]} Bxf3 {[%clk 1:07:56]} 7. Qxf3 {[%clk 1:14:00]} cxd5 {[%clk 1:08:22]} 8.
Nc3 {[%clk 1:09:37]} Nc6 {[%clk 1:08:45]} 9. Bd2 {[%clk 1:05:14]} e6 {[%clk
1:09:08]} 10. Bb5 {[%clk 0:59:49]} Bd6 {[%clk 1:03:42]} 11. e4 {[%clk 0:50:47]}
dxe4 {[%clk 0:58:58]} 12. Nxe4 {[%clk 0:51:00]} Nd5 {[%clk 0:58:31]} 13. Bxc6+
{[%clk 0:48:05]} bxc6 {[%clk 0:58:56]} 14. Rc1 {[%clk 0:47:50]} Rc8 {[%clk
0:59:02]} 15. O-O {[%clk 0:46:50]} O-O {[%clk 0:59:07]} 16. Rc4 {[%clk 0:45:25]}
Be7 {[%clk 0:58:09]} 17. Rfc1 {[%clk 0:43:11]} Qd7 {[%clk 0:54:51]} 18. Qg3
{[%clk 0:33:04]} Kh8 {[%clk 0:38:58]} 19. Bg5 {[%clk 0:29:12]} f6 {[%clk
0:38:21]} 20. Be3 {[%clk 0:27:19]} Rfd8 {[%clk 0:34:02]} 21. Qf3 {[%clk 0:25:07]}
Nb6 {[%clk 0:26:28]} 22. R4c2 {[%clk 0:25:17]} Nd5 {[%clk 0:26:54]} 23. Rc4
{[%clk 0:25:36]} Nb6 {[%clk 0:26:35]} 24. R4c2 {[%clk 0:25:58]} Nd5 {[%clk
0:26:52]} 25. Rc4 {[%clk 0:26:16]} Nb6 {[%clk 0:21:19]} 1/2-1/2

[Event "Greek Team Championship"]
[Site "chess24.com"]
[Date "2017.07.05"]
[Round "4"]
[White "Tzermiadianos, Andreas"]
[Black "Panagiotakopoulos, Gerasimos"]
[Result "1/2-1/2"]
[Board "2"]
[WhiteElo "2428"]
[WhiteTitle "IM"]
[WhiteCountry "GRE"]
[WhiteFideId "4200853"]
[WhiteEloChange "-3"]
[BlackElo "2223"]
[BlackCountry "GRE"]
[BlackFideId "4210778"]
[BlackEloChange "5"]

1. e4 {[%clk 1:30:47]} c5 {[%clk 1:30:57]} 2. Nf3 {[%clk 1:30:56]} d6 {[%clk
1:31:23]} 3. Bb5+ {[%clk 1:31:13]} Bd7 {[%clk 1:31:46]} 4. Bxd7+ {[%clk 1:31:25]}
Qxd7 {[%clk 1:32:09]} 5. c4 {[%clk 1:31:39]} Nf6 {[%clk 1:31:30]} 6. Nc3 {[%clk
1:31:56]} g6 {[%clk 1:31:42]} 7. d4 {[%clk 1:32:13]} cxd4 {[%clk 1:32:06]} 8.
Nxd4 {[%clk 1:32:36]} Bg7 {[%clk 1:32:32]} 9. b3 {[%clk 1:32:29]} O-O {[%clk
1:31:15]} 10. Bb2 {[%clk 1:32:33]} Nc6 {[%clk 1:29:43]} 11. O-O {[%clk 1:32:25]}
Rac8 {[%clk 1:27:42]} 12. Re1 {[%clk 1:31:31]} a6 {[%clk 1:26:47]} 13. Nxc6
{[%clk 1:30:37]} Qxc6 {[%clk 1:19:59]} 14. Nd5 {[%clk 1:30:46]} Nxd5 {[%clk
1:19:55]} 15. exd5 {[%clk 1:31:07]} Qd7 {[%clk 1:19:46]} 16. Bxg7 {[%clk
1:31:25]} Kxg7 {[%clk 1:20:14]} 17. Qd4+ {[%clk 1:31:46]} Kg8 {[%clk 1:17:22]}
18. a4 {[%clk 1:32:08]} Rc7 {[%clk 1:15:14]} 19. h4 {[%clk 1:28:39]} Qf5 {[%clk
1:11:20]} 20. Re4 {[%clk 1:25:17]} Re8 {[%clk 0:42:47]} 21. Rae1 {[%clk 1:24:28]}
h5 {[%clk 0:42:37]} 22. R1e3 {[%clk 1:18:18]} Qd7 {[%clk 0:42:09]} 23. g4 {[%clk
1:13:58]} hxg4 {[%clk 0:41:02]} 24. Rxg4 {[%clk 1:13:05]} e5 {[%clk 0:35:07]} 25.
dxe6 {[%clk 1:11:51]} Rxe6 {[%clk 0:34:10]} 26. Rxe6 {[%clk 1:04:20]} Qxe6 {[%clk
0:34:33]} 27. Re4 {[%clk 1:04:41]} Qd7 {[%clk 0:26:38]} 28. Qf6 {[%clk 1:03:58]}
Kh7 {[%clk 0:26:11]} 29. Kh2 {[%clk 0:51:08]} Qc6 {[%clk 0:17:18]} 30. Rd4 {[%clk
0:43:51]} d5 {[%clk 0:17:36]} 31. Qf4 {[%clk 0:42:38]} Rd7 {[%clk 0:12:15]} 32.
Rxd5 {[%clk 0:40:13]} Qc7 {[%clk 0:11:17]} 33. Kg3 {[%clk 0:39:37]} Qxf4+ {[%clk
0:10:48]} 34. Kxf4 {[%clk 0:40:01]} Re7 {[%clk 0:11:15]} 35. Rd6 {[%clk 0:38:02]}
Kh6 {[%clk 0:10:04]} 36. Kg3 {[%clk 0:38:06]} f5 {[%clk 0:09:07]} 37. f3 {[%clk
0:34:06]} Kh5 {[%clk 0:03:54]} 38. Kf4 {[%clk 0:33:42]} Kh6 {[%clk 0:03:36]} 39.
a5 {[%clk 0:31:04]} Rc7 {[%clk 0:02:06]} 40. Rb6 {[%clk 1:00:39]} Kh5 {[%clk
0:30:59]} 41. Rd6 {[%clk 0:58:33]} Re7 {[%clk 0:29:25]} 42. c5 {[%clk 0:56:36]}
Rc7 {[%clk 0:18:06]} 43. b4 {[%clk 0:56:50]} Re7 {[%clk 0:18:20]} 44. Rd8 {[%clk
0:53:26]} Rh7 {[%clk 0:16:11]} 45. Rg8 {[%clk 0:52:06]} Kh6 {[%clk 0:14:46]} 46.
Rc8 {[%clk 0:50:36]} Kh5 {[%clk 0:09:27]} 47. c6 {[%clk 0:44:42]} bxc6 {[%clk
0:09:12]} 48. Rxc6 {[%clk 0:45:04]} Rb7 {[%clk 0:09:37]} 49. Rb6 {[%clk 0:44:57]}
Rc7 {[%clk 0:10:03]} 50. Rb8 {[%clk 0:39:19]} Rc4+ {[%clk 0:10:08]} 51. Kg3
{[%clk 0:39:44]} Kh6 {[%clk 0:10:26]} 52. Rh8+ {[%clk 0:31:48]} Kg7 {[%clk
0:10:51]} 53. Ra8 {[%clk 0:32:14]} Rxb4 {[%clk 0:10:49]} 54. Rxa6 {[%clk
0:32:39]} Ra4 {[%clk 0:08:01]} 55. Ra8 {[%clk 0:32:46]} Kh6 {[%clk 0:07:52]} 56.
a6 {[%clk 0:33:08]} Kg7 {[%clk 0:08:14]} 57. a7 {[%clk 0:32:23]} Kh7 {[%clk
0:08:37]} 58. Kf2 {[%clk 0:32:39]} Ra3 {[%clk 0:08:24]} 59. Ke2 {[%clk 0:32:49]}
Kg7 {[%clk 0:08:51]} 60. Kd2 {[%clk 0:33:09]} Kh7 {[%clk 0:09:10]} 61. Kc2 {[%clk
0:32:51]} Kg7 {[%clk 0:09:35]} 62. Kb2 {[%clk 0:33:15]} Ra6 {[%clk 0:09:57]} 63.
Kc3 {[%clk 0:33:34]} Ra4 {[%clk 0:10:19]} 64. Kb3 {[%clk 0:33:58]} Ra1 {[%clk
0:10:47]} 65. Kb4 {[%clk 0:33:55]} Rb1+ {[%clk 0:11:00]} 66. Kc5 {[%clk 0:34:11]}
Rc1+ {[%clk 0:10:21]} 67. Kd5 {[%clk 0:32:21]} Rd1+ {[%clk 0:10:21]} 68. Ke5
{[%clk 0:32:22]} Ra1 {[%clk 0:10:13]} 69. Kf4 {[%clk 0:32:45]} Ra5 {[%clk
0:01:05]} 70. Kg5 {[%clk 0:31:59]} Kh7 {[%clk 0:01:07]} 71. f4 {[%clk 0:30:09]}
Kg7 {[%clk 0:01:24]} 72. h5 {[%clk 0:30:14]} gxh5 {[%clk 0:01:47]} 73. Kxh5
{[%clk 0:30:37]} Ra4 {[%clk 0:01:51]} 74. Kg5 {[%clk 0:30:49]} Ra5 {[%clk
0:02:19]} 75. Kh4 {[%clk 0:25:36]} Ra3 {[%clk 0:02:45]} 76. Kh5 {[%clk 0:25:46]}
Ra4 {[%clk 0:03:07]} 77. Kg5 {[%clk 0:26:10]} Ra5 {[%clk 0:03:33]} 78. Re8 {[%clk
0:26:19]} Rxa7 {[%clk 0:03:57]} 79. Kxf5 {[%clk 0:26:48]} Kf7 {[%clk 0:04:09]}
80. Re5 {[%clk 0:26:57]} Ra6 {[%clk 0:04:35]} 81. Rb5 {[%clk 0:27:09]} Rc6 {[%clk
0:04:53]} 82. Rb7+ {[%clk 0:27:28]} Kf8 {[%clk 0:05:17]} 83. Kg5 {[%clk 0:27:54]}
Ra6 {[%clk 0:05:36]} 84. f5 {[%clk 0:28:08]} Rc6 {[%clk 0:06:03]} 85. Rb4 {[%clk
0:28:18]} Ra6 {[%clk 0:06:20]} 86. Kh5 {[%clk 0:28:19]} Kf7 {[%clk 0:06:41]} 87.
Kg5 {[%clk 0:28:21]} Rc6 {[%clk 0:07:03]} 88. Rh4 {[%clk 0:28:13]} Ra6 {[%clk
0:07:17]} 1/2-1/2

[Event "Greek Team Championship"]
[Site "chess24.com"]
[Date "2017.07.05"]
[Round "4"]
[White "Zenelis, Konstantinos"]
[Black "Gazis, Efstathios"]
[Result "0-1"]
[Board "3"]
[WhiteElo "2031"]
[WhiteCountry "GRE"]
[WhiteFideId "4204107"]
[WhiteEloChange "-5"]
[BlackElo "2232"]
[BlackTitle "FM"]
[BlackCountry "GRE"]
[BlackFideId "4200659"]
[BlackEloChange "5"]

1. e4 {[%clk 1:30:48]} c5 {[%clk 1:29:11]} 2. Nc3 {[%clk 1:31:01]} a6 {[%clk
1:29:10]} 3. g3 {[%clk 1:31:05]} b5 {[%clk 1:29:32]} 4. Bg2 {[%clk 1:31:30]} Bb7
{[%clk 1:29:59]} 5. d3 {[%clk 1:31:43]} e6 {[%clk 1:30:18]} 6. Nh3 {[%clk
1:31:18]} Nc6 {[%clk 1:18:40]} 7. O-O {[%clk 1:31:31]} g6 {[%clk 1:17:02]} 8. Be3
{[%clk 1:29:17]} Nd4 {[%clk 1:16:05]} 9. Ne2 {[%clk 1:27:29]} Bg7 {[%clk
1:16:25]} 10. c3 {[%clk 1:27:45]} Nxe2+ {[%clk 1:16:27]} 11. Qxe2 {[%clk
1:28:06]} Qc7 {[%clk 1:08:48]} 12. f4 {[%clk 1:25:15]} Nf6 {[%clk 1:06:20]} 13.
f5 {[%clk 1:08:18]} e5 {[%clk 0:56:05]} 14. Bg5 {[%clk 1:00:39]} Qb6 {[%clk
0:50:59]} 15. Rf2 {[%clk 0:54:28]} h6 {[%clk 0:46:44]} 16. Bxf6 {[%clk 0:53:50]}
Bxf6 {[%clk 0:47:08]} 17. fxg6 {[%clk 0:54:10]} fxg6 {[%clk 0:47:30]} 18. Raf1
{[%clk 0:48:01]} Be7 {[%clk 0:47:05]} 19. Qg4 {[%clk 0:43:26]} h5 {[%clk
0:44:34]} 20. Qf3 {[%clk 0:41:54]} O-O-O {[%clk 0:43:33]} 21. Qe3 {[%clk
0:39:13]} h4 {[%clk 0:43:53]} 22. Ng5 {[%clk 0:36:16]} hxg3 {[%clk 0:44:11]} 23.
hxg3 {[%clk 0:36:40]} Rh5 {[%clk 0:40:13]} 24. Nf7 {[%clk 0:35:26]} Re8 {[%clk
0:36:59]} 25. Bf3 {[%clk 0:30:31]} Rh7 {[%clk 0:34:06]} 26. Bg4 {[%clk 0:30:46]}
Qc7 {[%clk 0:32:27]} 27. Rh2 {[%clk 0:27:46]} Rxh2 {[%clk 0:31:02]} 28. Kxh2
{[%clk 0:28:14]} c4 {[%clk 0:30:16]} 29. d4 {[%clk 0:17:43]} exd4 {[%clk
0:29:31]} 30. cxd4 {[%clk 0:18:12]} Kb8 {[%clk 0:29:44]} 31. Ne5 {[%clk 0:17:30]}
d6 {[%clk 0:25:42]} 32. Nd7+ {[%clk 0:02:47]} Ka8 {[%clk 0:25:58]} 33. d5 {[%clk
0:03:06]} Bd8 {[%clk 0:23:57]} 34. Nf8 {[%clk 0:03:20]} Qg7 {[%clk 0:22:52]} 35.
Ne6 {[%clk 0:03:32]} Qxb2+ {[%clk 0:23:03]} 36. Rf2 {[%clk 0:03:44]} Rh8+ {[%clk
0:23:04]} 37. Kg2 {[%clk 0:04:10]} Qa1 {[%clk 0:22:28]} 38. Bh3 {[%clk 0:04:11]}
Bc8 {[%clk 0:20:47]} 39. a3 {[%clk 0:01:54]} Ba5 {[%clk 0:17:32]} 40. Rf7 {[%clk
0:31:05]} Qb2+ {[%clk 0:45:00]} 41. Kg1 {[%clk 0:19:31]} Bb7 {[%clk 0:41:31]} 42.
Bg2 {[%clk 0:14:50]} Rc8 {[%clk 0:38:53]} 43. Bh3 {[%clk 0:12:46]} Rh8 {[%clk
0:32:32]} 44. Bg2 {[%clk 0:11:22]} Kb8 {[%clk 0:31:12]} 45. Nf8 {[%clk 0:08:59]}
Ka8 {[%clk 0:22:02]} 46. Nd7 {[%clk 0:07:27]} c3 {[%clk 0:20:01]} 47. Nb6+ {[%clk
0:06:59]} Bxb6 {[%clk 0:19:58]} 48. Qxb6 {[%clk 0:07:24]} Rb8 {[%clk 0:19:37]}
49. Rxb7 {[%clk 0:04:25]} Rxb7 {[%clk 0:19:53]} 50. Qxa6+ {[%clk 0:04:49]} Kb8
{[%clk 0:20:06]} 51. Qxd6+ {[%clk 0:05:14]} Ka7 {[%clk 0:19:10]} 52. Qc5+ {[%clk
0:05:38]} Rb6 {[%clk 0:17:17]} 53. Qc7+ {[%clk 0:03:15]} Ka6 {[%clk 0:16:24]} 54.
Qd8 {[%clk 0:02:50]} Ka5 {[%clk 0:15:55]} 55. Qa8+ {[%clk 0:02:18]} Ra6 {[%clk
0:16:16]} 56. Qd8+ {[%clk 0:02:45]} Ka4 {[%clk 0:16:17]} 57. Qc8 {[%clk 0:03:03]}
Ra5 {[%clk 0:15:12]} 0-1

[Event "Greek Team Championship"]
[Site "chess24.com"]
[Date "2017.07.05"]
[Round "4"]
[White "Azis, Azizis Ektoras"]
[Black "Kaloskambis, Mihail"]
[Result "1-0"]
[Board "4"]
[WhiteElo "2218"]
[WhiteTitle "FM"]
[WhiteCountry "GRE"]
[WhiteFideId "4207637"]
[WhiteEloChange "2"]
[BlackElo "1824"]
[BlackCountry "GRE"]
[BlackFideId "4203569"]
[BlackEloChange "-2"]

1. b3 {[%clk 1:29:46]} e5 {[%clk 1:30:30]} 2. Bb2 {[%clk 1:29:56]} Bd6 {[%clk
1:29:14]} 3. c4 {[%clk 1:29:40]} c6 {[%clk 1:29:17]} 4. Nc3 {[%clk 1:25:37]} Nf6
{[%clk 1:28:28]} 5. e4 {[%clk 1:25:14]} O-O {[%clk 1:26:19]} 6. g3 {[%clk
1:18:26]} Qe7 {[%clk 1:25:18]} 7. Bg2 {[%clk 1:17:59]} Bc7 {[%clk 1:23:01]} 8.
Nge2 {[%clk 1:17:46]} d6 {[%clk 1:22:45]} 9. O-O {[%clk 1:15:48]} Bg4 {[%clk
1:21:27]} 10. h3 {[%clk 1:15:33]} Bh5 {[%clk 1:19:41]} 11. d4 {[%clk 1:04:08]}
Nbd7 {[%clk 1:14:48]} 12. Re1 {[%clk 1:02:11]} Bb6 {[%clk 1:11:55]} 13. Qd2
{[%clk 1:00:36]} Rfd8 {[%clk 1:09:25]} 14. Kh2 {[%clk 0:58:27]} Nf8 {[%clk
1:03:55]} 15. f4 {[%clk 0:53:51]} exf4 {[%clk 0:55:26]} 16. Nxf4 {[%clk 0:52:36]}
Ne6 {[%clk 0:54:50]} 17. Ncd5 {[%clk 0:45:14]} cxd5 {[%clk 0:46:06]} 18. exd5
{[%clk 0:45:20]} Qd7 {[%clk 0:44:59]} 19. dxe6 {[%clk 0:44:21]} fxe6 {[%clk
0:44:44]} 20. Nxe6 {[%clk 0:43:11]} Re8 {[%clk 0:44:39]} 21. d5 {[%clk 0:42:59]}
Qf7 {[%clk 0:37:18]} 22. Rf1 {[%clk 0:40:06]} Re7 {[%clk 0:36:05]} 23. g4 {[%clk
0:35:12]} Bxg4 {[%clk 0:35:59]} 24. Rxf6 {[%clk 0:33:11]} gxf6 {[%clk 0:35:33]}
25. hxg4 {[%clk 0:33:31]} Qg6 {[%clk 0:34:58]} 26. Rf1 {[%clk 0:30:42]} Rf7
{[%clk 0:34:28]} 27. Qf4 {[%clk 0:27:01]} h5 {[%clk 0:33:31]} 28. Be4 {[%clk
0:25:55]} Qxg4 {[%clk 0:31:17]} 29. Qxg4+ {[%clk 0:25:10]} hxg4 {[%clk 0:31:43]}
30. Bg6 {[%clk 0:24:40]} Bd8 {[%clk 0:25:24]} 31. Bxf7+ {[%clk 0:23:38]} Kxf7
{[%clk 0:25:52]} 32. Nxd8+ {[%clk 0:23:56]} Rxd8 {[%clk 0:26:16]} 33. Rxf6+
{[%clk 0:24:19]} Ke7 {[%clk 0:26:29]} 34. Re6+ {[%clk 0:24:39]} Kd7 {[%clk
0:26:56]} 35. Kg3 {[%clk 0:25:00]} Kc7 {[%clk 0:26:30]} 36. Re7+ {[%clk 0:25:12]}
Kb6 {[%clk 0:26:37]} 37. Bd4+ {[%clk 0:25:29]} Ka6 {[%clk 0:27:03]} 38. Kxg4
{[%clk 0:25:46]} Rg8+ {[%clk 0:26:55]} 39. Kf5 {[%clk 0:25:54]} b6 {[%clk
0:26:18]} 40. b4 {[%clk 0:55:47]} Rg3 {[%clk 0:56:12]} 41. Ke6 {[%clk 0:55:25]}
Rd3 {[%clk 0:56:35]} 42. b5+ {[%clk 0:55:01]} Ka5 {[%clk 0:57:04]} 43. Rxa7+
{[%clk 0:55:19]} Kb4 {[%clk 0:56:58]} 44. Bxb6 {[%clk 0:55:36]} Kxc4 {[%clk
0:57:48]} 45. a4 {[%clk 0:55:53]} Rh3 {[%clk 0:57:36]} 46. Bd8 {[%clk 0:55:32]}
Rh6+ {[%clk 0:57:18]} 47. Bf6 {[%clk 0:55:53]} Kc5 {[%clk 0:56:58]} 48. Rc7+
{[%clk 0:56:09]} Kb4 {[%clk 0:57:24]} 49. b6 {[%clk 0:56:27]} 1-0

[Event "Greek Team Championship"]
[Site "chess24.com"]
[Date "2017.07.05"]
[Round "4"]
[White "Markantonaki, Haritomeni"]
[Black "Radeva, Viktoria"]
[Result "1-0"]
[Board "5"]
[WhiteElo "2222"]
[WhiteTitle "WFM"]
[WhiteCountry "GRE"]
[WhiteFideId "4207050"]
[WhiteEloChange "10"]
[BlackElo "2236"]
[BlackTitle "WFM"]
[BlackCountry "BUL"]
[BlackFideId "2915405"]
[BlackEloChange "-10"]

1. e4 {[%clk 1:30:56]} e6 {[%clk 1:30:56]} 2. d4 {[%clk 1:31:05]} d5 {[%clk
1:31:20]} 3. Nd2 {[%clk 1:31:08]} c5 {[%clk 1:31:44]} 4. dxc5 {[%clk 1:29:57]}
Bxc5 {[%clk 1:26:32]} 5. Bd3 {[%clk 1:30:20]} Nf6 {[%clk 1:24:10]} 6. Qe2 {[%clk
1:27:56]} Nc6 {[%clk 1:18:31]} 7. c3 {[%clk 1:22:13]} dxe4 {[%clk 1:11:14]} 8.
Nxe4 {[%clk 1:21:27]} Be7 {[%clk 1:10:16]} 9. Nf3 {[%clk 1:19:15]} O-O {[%clk
1:07:32]} 10. O-O {[%clk 1:18:18]} Nxe4 {[%clk 0:58:29]} 11. Qxe4 {[%clk
1:16:42]} g6 {[%clk 0:58:01]} 12. Bh6 {[%clk 1:12:08]} Re8 {[%clk 0:58:14]} 13.
Rad1 {[%clk 1:11:48]} Qa5 {[%clk 0:45:51]} 14. Bb1 {[%clk 0:58:44]} Qh5 {[%clk
0:44:17]} 15. Bf4 {[%clk 0:52:24]} Bf6 {[%clk 0:36:00]} 16. Rd6 {[%clk 0:39:24]}
a5 {[%clk 0:27:24]} 17. Rfd1 {[%clk 0:32:51]} Bg7 {[%clk 0:24:58]} 18. Be3 {[%clk
0:26:23]} e5 {[%clk 0:22:08]} 19. Qa4 {[%clk 0:23:04]} Bf5 {[%clk 0:16:02]} 20.
Bxf5 {[%clk 0:21:45]} Qxf5 {[%clk 0:16:20]} 21. Qb5 {[%clk 0:20:20]} Qc8 {[%clk
0:10:02]} 22. Rd7 {[%clk 0:18:35]} Rb8 {[%clk 0:10:00]} 23. Qd5 {[%clk 0:15:24]}
Qxd7 {[%clk 0:04:42]} 24. Qxd7 {[%clk 0:15:50]} Rbd8 {[%clk 0:04:43]} 25. Bb6
{[%clk 0:15:59]} Rxd7 {[%clk 0:05:07]} 26. Rxd7 {[%clk 0:16:27]} Rb8 {[%clk
0:02:59]} 27. Ng5 {[%clk 0:16:08]} Bf6 {[%clk 0:00:45]} 28. Nxf7 {[%clk 0:15:56]}
Be7 {[%clk 0:00:53]} 29. Nxe5 {[%clk 0:14:14]} Kf8 {[%clk 0:00:47]} 30. Nf3
{[%clk 0:13:14]} Ke8 {[%clk 0:01:03]} 31. Rd5 {[%clk 0:13:00]} a4 {[%clk
0:01:16]} 32. a3 {[%clk 0:12:25]} Ra8 {[%clk 0:01:12]} 33. Nd4 {[%clk 0:10:54]}
Ra6 {[%clk 0:00:58]} 34. Bc7 {[%clk 0:10:54]} Nxd4 {[%clk 0:00:51]} 35. Rxd4
{[%clk 0:11:15]} Rc6 {[%clk 0:01:02]} 36. Ba5 {[%clk 0:10:22]} Re6 {[%clk
0:00:45]} 37. Kf1 {[%clk 0:10:15]} b6 {[%clk 0:00:52]} 38. Bb4 {[%clk 0:10:18]}
Bf6 {[%clk 0:01:02]} 39. Rd3 {[%clk 0:10:04]} Bg5 {[%clk 0:00:54]} 40. Rd1 {[%clk
0:38:12]} h5 {[%clk 0:30:43]} 41. g3 {[%clk 0:35:08]} h4 {[%clk 0:27:00]} 42. f4
{[%clk 0:34:49]} Bd8 {[%clk 0:27:07]} 43. Bd6 {[%clk 0:31:54]} Bf6 {[%clk
0:24:10]} 44. Kf2 {[%clk 0:32:05]} Kf7 {[%clk 0:23:05]} 45. Kf3 {[%clk 0:31:31]}
Ke8 {[%clk 0:21:04]} 46. g4 {[%clk 0:29:57]} Kd7 {[%clk 0:19:58]} 47. Be5+ {[%clk
0:29:01]} Kc6 {[%clk 0:20:14]} 48. Bxf6 {[%clk 0:29:01]} Rxf6 {[%clk 0:20:14]}
49. f5 {[%clk 0:26:03]} gxf5 {[%clk 0:20:20]} 50. g5 {[%clk 0:26:29]} Rg6 {[%clk
0:15:49]} 51. Kf4 {[%clk 0:26:40]} Kc5 {[%clk 0:15:56]} 52. Kxf5 {[%clk 0:26:34]}
Rg8 {[%clk 0:16:15]} 53. g6 {[%clk 0:26:31]} Rf8+ {[%clk 0:14:40]} 54. Ke6 {[%clk
0:26:39]} Kc4 {[%clk 0:14:59]} 55. g7 {[%clk 0:26:49]} Rg8 {[%clk 0:15:20]} 56.
Kf7 {[%clk 0:27:13]} 1-0

[Event "Greek Team Championship"]
[Site "chess24.com"]
[Date "2017.07.05"]
[Round "4"]
[White "Skiadaresi, Antonia"]
[Black "Kartsidima, Aikaterini"]
[Result "0-1"]
[Board "6"]
[WhiteElo "1394"]
[WhiteCountry "GRE"]
[WhiteFideId "4246578"]
[WhiteEloChange "-10"]
[BlackElo "1405"]
[BlackCountry "GRE"]
[BlackFideId "25818040"]
[BlackEloChange "10"]

1. d4 {[%clk 1:30:55]} d5 {[%clk 1:30:39]} 2. Nf3 {[%clk 1:31:08]} e6 {[%clk
1:30:27]} 3. c4 {[%clk 1:31:16]} c6 {[%clk 1:29:59]} 4. e3 {[%clk 1:30:03]} Bd6
{[%clk 1:28:32]} 5. Qc2 {[%clk 1:27:25]} f5 {[%clk 1:26:50]} 6. g3 {[%clk
1:26:22]} Nf6 {[%clk 1:24:31]} 7. Bg2 {[%clk 1:26:21]} O-O {[%clk 1:21:04]} 8.
O-O {[%clk 1:26:30]} Ne4 {[%clk 1:09:09]} 9. b3 {[%clk 1:25:58]} Qe7 {[%clk
1:08:31]} 10. Bb2 {[%clk 1:22:49]} Nd7 {[%clk 1:04:29]} 11. Qc1 {[%clk 1:17:40]}
b5 {[%clk 0:57:40]} 12. c5 {[%clk 1:12:53]} Bc7 {[%clk 0:57:23]} 13. b4 {[%clk
1:12:33]} a5 {[%clk 0:55:58]} 14. a3 {[%clk 1:01:55]} a4 {[%clk 0:52:36]} 15.
Nbd2 {[%clk 0:56:13]} Qf6 {[%clk 0:48:06]} 16. Ne1 {[%clk 0:53:07]} Qh6 {[%clk
0:44:24]} 17. Nd3 {[%clk 0:40:24]} Bb7 {[%clk 0:39:13]} 18. Nf3 {[%clk 0:35:23]}
g6 {[%clk 0:33:39]} 19. Nfe5 {[%clk 0:31:55]} Nxe5 {[%clk 0:31:30]} 20. Nxe5
{[%clk 0:30:49]} g5 {[%clk 0:27:39]} 21. f3 {[%clk 0:18:10]} Nf6 {[%clk 0:27:36]}
22. Qd2 {[%clk 0:16:37]} Kg7 {[%clk 0:25:23]} 23. Rae1 {[%clk 0:15:43]} g4 {[%clk
0:22:57]} 24. fxg4 {[%clk 0:11:06]} fxg4 {[%clk 0:22:19]} 25. Rf4 {[%clk
0:09:32]} Qg5 {[%clk 0:20:42]} 26. Qc3 {[%clk 0:05:56]} Rh8 {[%clk 0:17:55]} 27.
e4 {[%clk 0:04:02]} Raf8 {[%clk 0:11:49]} 28. Bc1 {[%clk 0:01:36]} Qh5 {[%clk
0:09:58]} 29. exd5 {[%clk 0:01:17]} exd5 {[%clk 0:09:13]} 30. Nxc6 {[%clk
0:01:21]} Bxc6 {[%clk 0:08:46]} 31. Rf2 {[%clk 0:00:47]} Re8 {[%clk 0:07:43]} 32.
Ref1 {[%clk 0:00:58]} Ne4 {[%clk 0:07:10]} 33. Bxe4 {[%clk 0:00:55]} Rxe4 {[%clk
0:07:26]} 34. Rf7+ {[%clk 0:01:00]} Qxf7 {[%clk 0:07:55]} 35. Rxf7+ {[%clk
0:01:29]} Kxf7 {[%clk 0:08:24]} 36. Kf2 {[%clk 0:00:41]} Rhe8 {[%clk 0:08:12]}
37. Qd3 {[%clk 0:00:35]} Kg7 {[%clk 0:07:28]} 38. Bd2 {[%clk 0:00:31]} Rf8+
{[%clk 0:07:07]} 39. Kg1 {[%clk 0:00:41]} Rf3 {[%clk 0:07:10]} 40. Qc2 {[%clk
0:30:34]} Rxa3 {[%clk 0:36:35]} 41. Bc1 {[%clk 0:17:48]} Rf3 {[%clk 0:33:16]} 42.
Qd2 {[%clk 0:16:28]} Rfe3 {[%clk 0:32:11]} 43. Kf1 {[%clk 0:08:52]} Re1+ {[%clk
0:31:21]} 44. Kf2 {[%clk 0:09:10]} R4e2+ {[%clk 0:31:39]} 45. Qxe2 {[%clk
0:09:25]} Rxe2+ {[%clk 0:31:59]} 46. Kxe2 {[%clk 0:09:50]} Kf6 {[%clk 0:31:07]}
47. Kd3 {[%clk 0:09:04]} Kf5 {[%clk 0:30:28]} 48. Ke3 {[%clk 0:08:55]} Bd8 {[%clk
0:30:07]} 49. Kd3 {[%clk 0:07:55]} Bg5 {[%clk 0:30:04]} 50. Ba3 {[%clk 0:06:53]}
h5 {[%clk 0:29:58]} 51. Bb2 {[%clk 0:06:55]} h4 {[%clk 0:29:20]} 52. Ba3 {[%clk
0:06:14]} hxg3 {[%clk 0:29:26]} 53. hxg3 {[%clk 0:06:31]} Bd8 {[%clk 0:29:43]}
54. Bc1 {[%clk 0:02:40]} Bc7 {[%clk 0:29:45]} 55. Be3 {[%clk 0:02:21]} Bxg3
{[%clk 0:29:26]} 56. Bg1 {[%clk 0:02:06]} Kf4 {[%clk 0:29:10]} 57. Kd2 {[%clk
0:02:06]} Kf3 {[%clk 0:28:41]} 58. Kd1 {[%clk 0:01:28]} Bf2 {[%clk 0:28:46]} 59.
Bh2 {[%clk 0:01:29]} g3 {[%clk 0:28:52]} 60. Bxg3 {[%clk 0:01:50]} Kxg3 {[%clk
0:29:10]} 61. Kc2 {[%clk 0:02:10]} Bxd4 {[%clk 0:28:24]} 62. Kb1 {[%clk 0:02:00]}
Bc3 {[%clk 0:28:38]} 63. Ka2 {[%clk 0:01:57]} d4 {[%clk 0:28:49]} 64. Kb1 {[%clk
0:01:53]} a3 {[%clk 0:28:56]} 65. Ka2 {[%clk 0:01:53]} d3 {[%clk 0:27:58]} 66.
Kb1 {[%clk 0:01:09]} a2+ {[%clk 0:28:14]} 67. Kxa2 {[%clk 0:01:16]} d2 {[%clk
0:28:38]} 68. Kb1 {[%clk 0:01:02]} d1Q+ {[%clk 0:28:58]} 0-1